Подробности
| 000 -МАРКЕР |
| контрольное поле |
03047nam0a2200337 4500 |
| 001 - ИДЕНТИФИКАТОР ЗАПИСИ |
| контрольное поле |
v19\rc\1820688 |
| 005 - ИДЕНТИФИКАТОР ВЕРСИИ |
| контрольное поле |
20260406180457.0 |
| 035 ## - ДРУГИЕ СИСТЕМНЫЕ НОМЕРА |
| Идентификатор записи |
(NLR Aleph) 005253751 |
| 100 ## - ДАННЫЕ ОБЩЕЙ ОБРАБОТКИ |
| Данные общей обработки |
20071224d1907 |||y0rusy50 ca |
| 101 0# - ЯЗЫК РЕСУРСА |
| Язык текста, звукозаписи и т.д. |
русский |
| 102 ## - СТРАНА ПУБЛИКАЦИИ ИЛИ ПРОИЗВОДСТВА |
| Страна публикации |
Российская Федерация |
| 105 ## - ПОЛЕ КОДИРОВАННЫХ ДАННЫХ: ТЕКСТОВЫЕ МАТЕРИАЛЫ, МОНОГРАФИЧЕСКИЕ |
| Кодированные данные о монографическом текстовом документе |
a z 001yy |
| 200 1# - ЗАГЛАВИЕ И СВЕДЕНИЯ ОБ ОТВЕТСТВЕННОСТИ |
| Основное заглавие |
Перечень внутренних водных путей Европейской России, с распределением их по морским и речным бассейнам |
| Сведения, относящиеся к заглавию |
[с приложением Карты внутренних водных путей Европейской России в масштабе 40 верст в дюйме, на 9-ти листах] |
| Первые сведения об ответственности |
Отдел статистики и картографии Министерства путей сообщения |
| 210 ## - ПУБЛИКАЦИЯ, РАСПРОСТРАНЕНИЕ И ДР. |
| Место издания, распространения и т.д. |
С.-Петербург |
| Имя издателя, распространителя и т. д. |
Типография Министерства путей сообщения (Товарищества И. Н. Кушнерев и К°) |
| Дата издания, распространения и т.д. |
1907 (обл. 1908) |
| 215 ## - ФИЗИЧЕСКАЯ ХАРАКТЕРИСТИКА |
| Специфическое обозначение материала и объем |
[2], XIX, 684 с. |
| Другие сведения о физической характеристике |
табл. |
| Размеры |
26 |
| 300 ## - ОБЩИЕ ПРИМЕЧАНИЯ |
| Текст примечания |
Особое прил.: Карта внутренних водных путей Европейской России в масштабе 40 верст в дюйме. Спб, 1908. 9 нумер. л. с цв. картой ; 74×63 см (экз. РНБ хранится в Отд. картографии) |
| 316 ## - ПРИМЕЧАНИЯ ОБ ОСОБЕННОСТЯХ ЭКЗЕМПЛЯРА |
| Текст примечания |
Экз. РНБ (37.42.1.1(1)) в пер. с блинтовым тиснением, загл. пер.: "Перечень внутренних водных путей Европейской России"; с экслибрисом Б-ки Николая II: "Собственная Его Величества Библиотека: Зимний Дворец" и монограмма "Н II" |
| Организация и экземпляр, к которому относится поле |
NLR: 37.42.1.1(1) |
| 320 ## - ПРИМЕЧАНИЯ О НАЛИЧИИ В ДОКУМЕНТЕ БИБЛИОГРАФИИ / УКАЗАТЕЛЯ |
| Текст примечания |
Алф. указ. назв. рек, озер и каналов, вошедших в Перечень внутр. вод. путей Европ. России: с. 643-681 |
| 421 #0 - ПРИЛОЖЕНИЕ |
| Встроенное поле |
2001#$aКарта внутренних водных путей Европейской России в масштабе 40 верст в дюйме |
| -- |
2001#$aСпб [Санкт-Петербург]$cОтд. статистики и картографии М-ва путей сообщ.$d1908 |
| -- |
215##$a9 нумер. л. с цв. картой$d74×63 см |
| -- |
852##$aNLR$bКарт. |
| -- |
899##$aНБ МГУ |
| Заглавие |
Спб [Санкт-Петербург] |
| 702 #0 - ИМЯ ЛИЦА - ВТОРИЧНАЯ ОТВЕТСТВЕННОСТЬ |
| Код отношения |
Бывший владелец |
| Материалы, к которым относится поле |
rus |
| Графика поля |
Кириллица |
| Начальный элемент ввода |
Николай |
| Дополнения к именам, кроме дат |
император российский |
| Римские цифры |
II |
| Даты |
1868-1918 |
| Идентификатор авторитетной/нормативной записи |
RU\NLR\AUTH\773750 |
| Системный номер авторитетной/нормативной записи |
113742 |
| 712 01 - НАИМЕНОВАНИЕ ОРГАНИЗАЦИИ - ВТОРИЧНАЯ ОТВЕТСТВЕННОСТЬ |
| Код отношения |
Прочие |
| Начальный элемент ввода |
Россия |
| Структурное подразделение |
Министерство путей сообщения |
| -- |
Отдел статистики и картографии |
| Идентификатор авторитетной/нормативной записи |
RU\NLR\AUTH\889945042 |
| Системный номер авторитетной/нормативной записи |
385368 |
| 801 #2 - ИСТОЧНИК ЗАПИСИ |
| Страна |
Российская Федерация |
| Организация |
NLR |
| Дата составления |
20080326 |
| Источник данных |
rusmarc |
| 801 #0 - ИСТОЧНИК ЗАПИСИ |
| Страна |
Российская Федерация |
| Организация |
NLR |
| Дата составления |
20071224 |
| Правила каталогизации |
psbo |
| 801 #0 - ИСТОЧНИК ЗАПИСИ |
| Страна |
Российская Федерация |
| Организация |
RuMoRGB |
| Дата составления |
20071224 |
| Источник данных |
psbo |
| 801 #1 - ИСТОЧНИК ЗАПИСИ |
| Страна |
Российская Федерация |
| Организация |
ProSoft-M |
| Дата составления |
20071224 |
| Источник данных |
rusmarc |
| 852 ## - МЕСТОНАХОЖДЕНИЕ И ШИФР ХРАНЕНИЯ |
| Идентификатор организации |
NLR |
| Шифр хранения (Call Number) |
37.42.1.1(1) |
| 852 ## - МЕСТОНАХОЖДЕНИЕ И ШИФР ХРАНЕНИЯ |
| Идентификатор организации |
NLR |
| Шифр хранения (Call Number) |
132/4004 |
| 942 ## - ДОПОЛНИТЕЛЬНЫЕ ЭЛЕМЕНТЫ ЗАПИСИ (АБИС) |
| Тип экземпляра АБИС |
Книга |
| 980 ## - КОЛЛЕКЦИЯ |
| Название коллекции |
Национальная библиография |